[Event "NAYCC U12 w"]
[Site "Toronto CAN"]
[Date "2013.08.14"]
[Round "1"]
[White "Saremi, Yekta"]
[Black "Palakollu, Samritha"]
[Result "0-1"]
[WhiteElo "1415"]
[BlackElo "1761"]
[PlyCount "98"]
[GameId "2160767909275677"]
[EventDate "2013.08.14"]
[EventType "swiss"]
[EventRounds "9"]
[EventCountry "CAN"]
[SourceTitle "hb 2013"]

1. e4 e5 2. Nf3 Nc6 3. Nc3 Nf6 4. Bb5 Bc5 5. O-O d6 6. h3 O-O 7. d3 h6 8. Be3 Bb6 9. d4 exd4 10. Bxd4 Nxd4 11. Nxd4 a6 12. Bc4 Nxe4 13. Nd5 Ba7 14. Re1 Nxf2 15. Ne7+ Qxe7 16. Rxe7 Nxd1 17. Rxd1 d5 18. Bf1 c6 19. Kh1 Bc5 20. Re5 f6 21. Ree1 Bxd4 22. Rxd4 Bf5 23. c4 Be4 24. cxd5 Bxd5 25. Bc4 Bxc4 26. Rxc4 Rfe8 27. Rce4 Kf7 28. g3 Rxe4 29. Rxe4 Re8 30. Rb4 Re7 31. h4 Ke6 32. Re4+ Kd6 33. Rd4+ Kc5 34. Rd2 b5 35. Rc2+ Kb6 36. b4 Re4 37. Rb2 c5 38. bxc5+ Kxc5 39. Rc2+ Rc4 40. Re2 Kb4 41. Kh2 a5 42. Re7 Rc2+ 43. Kh3 Rxa2 44. Rxg7 a4 45. Rh7 a3 46. Rxh6 Rf2 47. Rh7 a2 48. Ra7 Kb3 49. h5 Rf1 0-1

[Event "NAYCC U12 w"]
[Site "Toronto CAN"]
[Date "2013.08.14"]
[Round "1"]
[White "Tan, Kylie"]
[Black "Liu, Jiaxin (Dora)"]
[Result "0-1"]
[WhiteElo "1203"]
[BlackElo "1693"]
[PlyCount "192"]
[GameId "2160767909275678"]
[EventDate "2013.08.14"]
[EventType "swiss"]
[EventRounds "9"]
[EventCountry "CAN"]
[SourceTitle "hb 2013"]

1. e4 c5 2. d3 Nc6 3. Nf3 e6 4. g3 d6 5. Bg2 Nf6 6. O-O g6 7. Nbd2 Bg7 8. Re1 O-O 9. Nf1 h6 10. h3 d5 11. N3d2 g5 12. c3 dxe4 13. dxe4 Qe7 14. Qc2 Rd8 15. Nb3 b6 16. Be3 Bb7 17. Nfd2 Ne5 18. Nc1 Ba6 19. c4 Rab8 20. b3 Nc6 21. Rb1 Nb4 22. Qd1 Nd7 23. a3 Nc6 24. Qc2 Nce5 25. Nd3 Nxd3 26. Qxd3 Ne5 27. Qc2 Nd3 28. Red1 Ne5 29. Nf3 Nc6 30. Kh2 e5 31. Bf1 Nd4 32. Bxd4 exd4 33. Re1 Qf6 34. Kg2 Qc6 35. Kg1 Bb7 36. Nd2 Rd7 37. Rbd1 Rbd8 38. Nb1 Qg6 39. a4 Qe6 40. Na3 a6 41. Nb1 h5 42. Kg2 g4 43. h4 Re7 44. Bd3 Qe5 45. Re2 f5 46. Rde1 f4 47. Nd2 f3+ 48. Nxf3 gxf3+ 49. Kxf3 Rf8+ 50. Kg2 Qf6 51. Kg1 Qf3 52. Qb1 Re5 53. Qc2 Bc8 54. Kh2 Qg4 55. Rh1 Bh6 56. Qb1 Qf3 57. Qc2 Bg4 58. Kg1 Qf6 59. Re1 Bf3 60. Rh2 Qg7 61. Kf1 Qg4 62. Qb1 Qe6 63. Qc2 Qg4 64. Qb1 Bd2 65. Re2 Bxe2+ 66. Bxe2 Qg6 67. Bd3 Qf6 68. Ke2 Bh6 69. Ke1 Qf3 70. Qc2 Re7 71. Qb1 Rfe8 72. Qc2 Re5 73. Qb1 Kh8 74. Qc2 Bg7 75. Qb1 R8e6 76. Qc2 Bf8 77. Qb1 Bd6 78. Kd2 Re8 79. Qd1 Qxd1+ 80. Kxd1 Rf8 81. Ke2 Re7 82. Rg2 Ref7 83. Rh2 Rf3 84. Rg2 a5 85. Rh2 Kg7 86. Rg2 Kh6 87. Rh2 Bxg3 88. fxg3 Rxg3 89. Rh1 Re3+ 90. Kd1 Rxd3+ 91. Kc2 Re3 92. Rd1 Rxe4 93. Rh1 Rf2+ 94. Kb1 Re3 95. Ka1 Rxb3 96. Rb1 Ra3# 0-1

[Event "NAYCC U12 w"]
[Site "Toronto CAN"]
[Date "2013.08.14"]
[Round "1"]
[White "Tang, Terra"]
[Black "Dommalapati, Aasa"]
[Result "0-1"]
[WhiteElo "1036"]
[BlackElo "1590"]
[PlyCount "112"]
[GameId "2160767909275679"]
[EventDate "2013.08.14"]
[EventType "swiss"]
[EventRounds "9"]
[EventCountry "CAN"]
[SourceTitle "hb 2013"]

1. e4 e5 2. Nf3 Nc6 3. Bc4 Nf6 4. Nc3 Nxe4 5. Nxe4 d5 6. Bb3 dxe4 7. Ng5 Qxg5 8. d4 Qd8 9. d5 Nd4 10. Bc4 Bc5 11. Be3 Bb6 12. c3 Nf5 13. Bxb6 axb6 14. Qg4 O-O 15. Qxe4 Nd6 16. Qe2 Nxc4 17. Qxc4 Bf5 18. g4 Bg6 19. h4 h6 20. f3 e4 21. fxe4 Bxe4 22. Rh2 Bxd5 23. Qd3 Re8+ 24. Kd2 Bxa2 25. Qxd8 Rexd8+ 26. Kc2 Bb3+ 27. Kxb3 Rxa1 28. g5 Rdd1 29. Re2 Re1 30. Rg2 Rg1 31. Re2 hxg5 32. hxg5 Rxg5 33. Re8+ Kh7 34. Re7 f5 35. Rxc7 Ra7 36. Kb4 f4 37. Kc4 Rf5 38. Rd7 f3 39. Rd1 f2 40. Rf1 Ra8 41. Kd3 Ra1 42. Rxa1 f1=Q+ 43. Rxf1 Rxf1 44. Kd2 Rf8 45. Kd3 g5 46. Kc4 g4 47. Kb5 Rf6 48. c4 g3 49. c5 bxc5 50. Kxc5 g2 51. b4 g1=Q+ 52. Kb5 Rf4 53. Ka4 Qd4 54. Ka3 Qxb4+ 55. Ka2 Rf2+ 56. Ka1 Qb2# 0-1

[Event "NAYCC U12 w"]
[Site "Toronto CAN"]
[Date "2013.08.14"]
[Round "1"]
[White "Wang, Constance"]
[Black "Gillan, Rahma"]
[Result "1/2-1/2"]
[WhiteElo "1651"]
[BlackElo "1150"]
[PlyCount "44"]
[GameId "2160767909275680"]
[EventDate "2013.08.14"]
[EventType "swiss"]
[EventRounds "9"]
[EventCountry "CAN"]
[SourceTitle "hb 2013"]

1. e4 e5 2. f4 Bc5 3. Nf3 d6 4. Bc4 Nc6 5. Nc3 Nf6 6. d3 a6 7. Qe2 Bg4 8. Be3 Nd4 9. Bxd4 Bxd4 10. h3 Bxf3 11. Qxf3 Qe7 12. Ne2 Bb6 13. O-O-O O-O-O 14. g4 Nd7 15. Ng3 g6 16. Rdf1 Rhf8 17. h4 exf4 18. Qxf4 Ne5 19. Bb3 Qd7 20. h5 Nxg4 21. Kb1 f6 22. hxg6 hxg6 1/2-1/2

[Event "NAYCC U12 w"]
[Site "Toronto CAN"]
[Date "2013.08.14"]
[Round "1"]
[White "Yu, Jennifer"]
[Black "Sengupta, Sikata"]
[Result "1-0"]
[WhiteElo "1993"]
[BlackElo "1513"]
[PlyCount "109"]
[GameId "2160767909275681"]
[EventDate "2013.08.14"]
[EventType "swiss"]
[EventRounds "9"]
[EventCountry "CAN"]
[SourceTitle "EXT 2022"]
[Source "ChessBase"]
[SourceDate "2021.10.06"]
[SourceVersion "1"]
[SourceVersionDate "2021.10.06"]
[SourceQuality "1"]

1. c4 e6 2. e4 c6 3. d4 d5 4. cxd5 exd5 5. exd5 Qxd5 6. Nc3 Qd8 7. Bc4 Nf6 8. Nf3 Be7 9. O-O O-O 10. h3 Nbd7 11. Bg5 h6 12. Bh4 Nb6 13. Bb3 Bf5 14. Re1 Qc7 15. Rc1 a6 16. a4 Rad8 17. Qe2 Rfe8 18. Ne5 Nfd5 19. Bg3 Bb4 20. Qh5 Be6 21. Nxd5 Nxd5 22. Nxc6 Qb6 23. Nxd8 Bxe1 24. Bxd5 Bxd5 25. Qxd5 Bxf2+ 26. Bxf2 Rxd8 27. Qa2 Qa5 28. Rf1 Qb4 29. Be3 Rd7 30. Rc1 Rd8 31. Qc4 Qxb2 32. Rf1 Rf8 33. Bc1 Qb6 34. Ba3 Rd8 35. Qxf7+ Kh8 36. Bc5 Qc6 37. Qe7 Rg8 38. Rf8 b6 39. Rxg8+ Kxg8 40. Qd8+ Kh7 41. Qxb6 Qxa4 42. Qb1+ Kg8 43. Qf1 Kh7 44. d5 Qa5 45. Qf5+ Kg8 46. d6 Qd8 47. Qe6+ Kh7 48. d7 Qc7 49. Qf5+ Kg8 50. Qf8+ Kh7 51. d8=Q Qxd8 52. Qxd8 a5 53. Qe8 a4 54. Qf7 a3 55. Bd4 1-0

[Event "NAYCC U12 w"]
[Site "Toronto CAN"]
[Date "2013.08.15"]
[Round "2"]
[White "Dommalapati, Aasa"]
[Black "Davis, Katherine"]
[Result "0-1"]
[WhiteElo "1590"]
[BlackElo "1841"]
[PlyCount "128"]
[GameId "2160767909275682"]
[EventDate "2013.08.14"]
[EventType "swiss"]
[EventRounds "9"]
[EventCountry "CAN"]
[SourceTitle "EXT 2022"]
[Source "ChessBase"]
[SourceDate "2021.10.06"]
[SourceVersion "1"]
[SourceVersionDate "2021.10.06"]
[SourceQuality "1"]

1. e4 c5 2. d4 cxd4 3. c3 dxc3 4. Nxc3 e6 5. Nf3 Be7 6. Bc4 d6 7. O-O Nf6 8. Qe2 a6 9. Rd1 Qc7 10. Bb3 Nfd7 11. Bf4 Nc5 12. Bc2 O-O 13. Rac1 Nc6 14. e5 dxe5 15. Bxe5 Nxe5 16. Nxe5 Bf6 17. Nf3 Qb6 18. Bb1 g6 19. Ne5 Qc7 20. Nf3 Qe7 21. b4 Nd7 22. a3 b5 23. Ne4 Bb7 24. Rc7 Bc8 25. Nxf6+ Qxf6 26. Rcxd7 Bxd7 27. Rxd7 Rfd8 28. Rxd8+ Rxd8 29. Bc2 Qa1+ 30. Qf1 Qxa3 31. Qb1 Rc8 32. h3 Qc3 33. Ne1 Rc4 34. Kf1 Qxb4 35. Qa2 a5 36. Bd3 Rc3 37. Qd2 Rb3 38. Qc1 Qd4 39. Qd2 Rb2 40. Qe3 Qxe3 41. fxe3 a4 42. Nc2 b4 43. Ke1 a3 44. Kd1 a2 45. Na1 Rb1+ 46. Kc2 b3+ 47. Nxb3 Rxb3 48. Kxb3 a1=Q 49. e4 Qg1 50. g4 Qg3 51. Kc4 Qxh3 52. Be2 Qe3 53. Bd3 Qf4 54. g5 Qxg5 55. Kd4 h5 56. Be2 Qd2+ 57. Bd3 h4 58. Kc4 Qe3 59. Bc2 h3 60. e5 h2 61. Bxg6 h1=Q 62. Bxf7+ Kxf7 63. Kb4 Qd5 64. Ka4 Qeb3# 0-1

[Event "NAYCC U12 w"]
[Site "Toronto CAN"]
[Date "2013.08.15"]
[Round "2"]
[White "Gillan, Rahma"]
[Black "Paraparan, Varshini"]
[Result "1-0"]
[WhiteElo "1150"]
[BlackElo "1506"]
[PlyCount "137"]
[GameId "2160767909275683"]
[EventDate "2013.08.14"]
[EventType "swiss"]
[EventRounds "9"]
[EventCountry "CAN"]
[SourceTitle "EXT 2022"]
[Source "ChessBase"]
[SourceDate "2021.10.06"]
[SourceVersion "1"]
[SourceVersionDate "2021.10.06"]
[SourceQuality "1"]

1. e4 d6 2. d4 Nf6 3. Nc3 g6 4. Nf3 Bg7 5. h3 O-O 6. Bc4 c6 7. Bg5 h6 8. Bh4 b5 9. Bxf6 Bxf6 10. Bb3 e5 11. dxe5 dxe5 12. Nxb5 Qa5+ 13. Nc3 Rd8 14. Qe2 Na6 15. O-O Bb7 16. Rfd1 Nc5 17. Nh2 Nxb3 18. axb3 Qb6 19. Ng4 Bg7 20. Qe3 Kh7 21. Qxb6 axb6 22. Rxa8 Rxd1+ 23. Nxd1 Bxa8 24. Nge3 f6 25. f3 Bf8 26. Kf1 Kg7 27. Ke2 Kf7 28. Nc3 Bb7 29. Na2 Ke6 30. g4 Ba6+ 31. Kd1 Bc5 32. Ng2 g5 33. b4 Be7 34. c3 Bc8 35. Ne3 Kd6 36. Kd2 Be6 37. c4 Kc7 38. b3 Kb7 39. Kc3 Kc7 40. Nc1 Kb7 41. Nd3 Kc7 42. Nc2 Kb7 43. Na3 Kc7 44. Kb2 Kb7 45. b5 c5 46. Kc3 Kc7 47. Nb1 Kb7 48. Nd2 Kc7 49. b4 cxb4+ 50. Nxb4 Bxb4+ 51. Kxb4 Kd6 52. Nf1 Bc8 53. Ne3 Be6 54. Nc2 Bd7 55. Ne1 Be6 56. Nd3 Bc8 57. c5+ Kc7 58. cxb6+ Kxb6 59. Nf2 Be6 60. Nd1 Bd7 61. Nc3 Be6 62. Nd5+ Kb7 63. Kc5 Bd7 64. Nxf6 Be6 65. Nd5 Bf7 66. b6 Be6 67. Kd6 Bxd5 68. exd5 Kxb6 69. Ke7 1-0

[Event "NAYCC U12 w"]
[Site "Toronto CAN"]
[Date "2013.08.15"]
[Round "2"]
[White "Kaneshalingam, Mathanhe"]
[Black "Wang, Constance"]
[Result "0-1"]
[WhiteElo "1515"]
[BlackElo "1651"]
[PlyCount "84"]
[GameId "2160767909275684"]
[EventDate "2013.08.14"]
[EventType "swiss"]
[EventRounds "9"]
[EventCountry "CAN"]
[SourceTitle "EXT 2022"]
[Source "ChessBase"]
[SourceDate "2021.10.06"]
[SourceVersion "1"]
[SourceVersionDate "2021.10.06"]
[SourceQuality "1"]

1. d4 Nf6 2. Nf3 e6 3. e3 d5 4. Bd3 b6 5. b3 Bb7 6. Bb2 Bd6 7. Nbd2 O-O 8. O-O Nc6 9. Ne5 Nb4 10. Be2 c5 11. a3 Nc6 12. Nxc6 Bxc6 13. dxc5 bxc5 14. c4 Qe7 15. Bf3 a5 16. Re1 Rfd8 17. Qc2 a4 18. cxd5 exd5 19. b4 Ne4 20. Bxe4 dxe4 21. Rac1 Bxh2+ 22. Kxh2 Qd6+ 23. Kg1 Qxd2 24. Qxc5 Qxb2 25. Qxc6 Qxa3 26. Qxe4 h6 27. Ra1 Qd3 28. Qg4 a3 29. Red1 Qb3 30. Rdb1 Qa4 31. Qe2 Rd5 32. Qc4 Rd2 33. Rb3 a2 34. Qc3 Qd7 35. Qc1 Rd8 36. Qc3 Rc8 37. Qe5 f6 38. Qe4 Rd1+ 39. Kh2 Rxa1 40. Rd3 Qc7+ 41. g3 Rc1 42. Qd5+ Qf7 0-1

[Event "NAYCC U12 w"]
[Site "Toronto CAN"]
[Date "2013.08.15"]
[Round "2"]
[White "Li, Catherine"]
[Black "Saremi, Yekta"]
[Result "1-0"]
[WhiteElo "1143"]
[BlackElo "1415"]
[PlyCount "31"]
[GameId "2160767909275685"]
[EventDate "2013.08.14"]
[EventType "swiss"]
[EventRounds "9"]
[EventCountry "CAN"]
[SourceTitle "EXT 2022"]
[Source "ChessBase"]
[SourceDate "2021.10.06"]
[SourceVersion "1"]
[SourceVersionDate "2021.10.06"]
[SourceQuality "1"]

1. e4 e5 2. Nf3 Nc6 3. Bc4 Bc5 4. c3 Nf6 5. d3 O-O 6. Bb3 d6 7. Nbd2 Be6 8. Bc2 d5 9. exd5 Qxd5 10. Nf1 e4 11. Ng5 Ng4 12. d4 e3 13. Nxe3 Nxe3 14. Bxe3 Be7 15. Bxh7+ Kh8 16. Qh5 1-0

[Event "NAYCC U12 w"]
[Site "Toronto CAN"]
[Date "2013.08.15"]
[Round "2"]
[White "Liu, Jiaxin (Dora)"]
[Black "Gao, Catherine"]
[Result "1-0"]
[WhiteElo "1693"]
[BlackElo "1133"]
[PlyCount "117"]
[GameId "2160767909275686"]
[EventDate "2013.08.14"]
[EventType "swiss"]
[EventRounds "9"]
[EventCountry "CAN"]

1. d4 d5 2. c4 e6 3. Nc3 Nf6 4. cxd5 exd5 5. Bg5 Bb4 6. e3 O-O 7. Bd3 b6 8. Nf3 Bb7 9. Qc2 h6 10. Bh4 Nbd7 11. Ne5 Be7 12. Nxd7 Nxd7 13. Bg3 c5 14. O-O c4 15. Be2 Nf6 16. Bh4 Re8 17. Bg3 Bd6 18. Bxd6 Qxd6 19. Bf3 Rac8 20. Rfc1 a6 21. a4 Kh8 22. Qd2 h5 23. Qd1 g6 24. Rab1 Kg8 25. b3 Rc7 26. bxc4 Rxc4 27. Qb3 Rec8 28. Be2 R4c6 29. Na2 Rxc1+ 30. Nxc1 Rc6 31. Nd3 Ne4 32. Qb4 Qe6 33. Nf4 Qf5 34. Qe7 Nd6 35. Bd3 Qc8 36. Rf1 Kg7 37. Nxd5 Qg4 38. Qe5+ Kg8 39. Nf6+ Kf8 40. Nxg4 hxg4 41. Qh8+ Ke7 42. Qh4+ Kf8 43. Qxg4 Nf5 44. Bxf5 gxf5 45. Qxf5 Re6 46. d5 Rg6 47. e4 Rh6 48. Qd7 Bxd5 49. exd5 b5 50. axb5 axb5 51. Qxb5 Rd6 52. Qb4 Ke7 53. Rc1 Kd7 54. Qb7+ Ke8 55. Rc7 Kf8 56. Rxf7+ Kg8 57. Rg7+ Kh8 58. Rh7+ Kg8 59. Qg7# 1-0

[Event "NAYCC U12 w"]
[Site "Toronto CAN"]
[Date "2013.08.15"]
[Round "2"]
[White "Palakollu, Samritha"]
[Black "Robles Ortiz, Christina"]
[Result "1-0"]
[WhiteElo "1761"]
[BlackElo "1526"]
[PlyCount "111"]
[GameId "2160767909275689"]
[EventDate "2013.08.14"]
[EventType "swiss"]
[EventRounds "9"]
[EventCountry "CAN"]
[SourceTitle "EXT 2022"]
[Source "ChessBase"]
[SourceDate "2021.10.06"]
[SourceVersion "1"]
[SourceVersionDate "2021.10.06"]
[SourceQuality "1"]

1. e4 c5 2. Nf3 d6 3. d4 cxd4 4. Nxd4 Nf6 5. Nc3 a6 6. Be2 e5 7. Nb3 Be6 8. Bg5 Be7 9. Bxf6 Bxf6 10. Nd5 Nd7 11. O-O O-O 12. Qd3 Bh4 13. Rad1 Rc8 14. c3 Rc6 15. Nd2 Nc5 16. Qc2 Nd7 17. Nc4 b5 18. Nb4 Rxc4 19. Bxc4 Bxc4 20. Rfe1 a5 21. Nd5 a4 22. b3 Bxd5 23. Rxd5 Qb6 24. g3 Be7 25. bxa4 Nf6 26. Rxb5 Qc6 27. f3 Rc8 28. Rc1 Bd8 29. Qb3 Ra8 30. Rb8 Qc5+ 31. Kg2 Rxb8 32. Qxb8 Qc7 33. Rb1 h6 34. Rb7 Nd7 35. Rxc7 Nxb8 36. Rc8 Na6 37. Rxd8+ Kh7 38. Rxd6 Nc5 39. a5 Ne6 40. a6 Nc7 41. a7 f6 42. Rd7 Na8 43. Rd8 Nb6 44. a8=Q Nxa8 45. Rxa8 Kg6 46. c4 Kf7 47. Rd8 Ke7 48. Rd3 Kf7 49. c5 Kg6 50. c6 Kh7 51. c7 Kg6 52. c8=Q Kh7 53. Qf5+ Kg8 54. Qg6 Kf8 55. Rd7 Kg8 56. Qxg7# 1-0

[Event "NAYCC U12 w"]
[Site "Toronto CAN"]
[Date "2013.08.15"]
[Round "2"]
[White "Roque Sola, Andrea"]
[Black "Kao, Camille"]
[Result "1-0"]
[WhiteElo "1560"]
[BlackElo "1747"]
[PlyCount "111"]
[GameId "2160767909275690"]
[EventDate "2013.08.14"]
[EventType "swiss"]
[EventRounds "9"]
[EventCountry "CAN"]
[SourceTitle "EXT 2022"]
[Source "ChessBase"]
[SourceDate "2021.10.06"]
[SourceVersion "1"]
[SourceVersionDate "2021.10.06"]
[SourceQuality "1"]

1. c4 Nf6 2. Nc3 c6 3. g3 d5 4. d4 Bf5 5. Bg2 e6 6. e3 dxc4 7. Nge2 Bb4 8. O-O Nbd7 9. e4 Bg6 10. a3 Be7 11. Nf4 O-O 12. Be3 Qc7 13. Qe2 b5 14. d5 exd5 15. exd5 cxd5 16. Nfxd5 Nxd5 17. Nxd5 Qd6 18. Bf4 Qa6 19. Nxe7+ Kh8 20. Nxg6+ hxg6 21. Bxa8 Rxa8 22. Qe7 Nf6 23. Qxf7 Ne4 24. Qd5 Re8 25. Rfe1 Nf6 26. Rxe8+ Nxe8 27. Qf7 Nf6 28. Qxg6 Qe6 29. Qc2 Kg8 30. Qd2 Qe7 31. Re1 Qf7 32. Qb4 a6 33. Qd6 a5 34. Qe6 b4 35. Qxf7+ Kxf7 36. axb4 axb4 37. Rc1 c3 38. bxc3 bxc3 39. Rxc3 Kg6 40. Be5 Nd7 41. Bxg7 Nb8 42. Be5 Nd7 43. f4 Kf5 44. Kf2 Ke6 45. h4 Kf5 46. Kf3 Kg6 47. g4 Kf7 48. h5 Nf8 49. h6 Kg6 50. g5 Nh7 51. Rc7 Nf8 52. Rg7+ Kh5 53. h7 Nxh7 54. Rxh7+ Kg6 55. Rh6+ Kf5 56. Rf6# 1-0

[Event "NAYCC U12 w"]
[Site "Toronto CAN"]
[Date "2013.08.15"]
[Round "2"]
[White "Sengupta, Sikata"]
[Black "Escamilla Romero, Quetzija"]
[Result "1-0"]
[WhiteElo "1513"]
[BlackElo "1151"]
[PlyCount "87"]
[GameId "2160767909275691"]
[EventDate "2013.08.14"]
[EventType "swiss"]
[EventRounds "9"]
[EventCountry "CAN"]
[SourceTitle "EXT 2022"]
[Source "ChessBase"]
[SourceDate "2021.10.06"]
[SourceVersion "1"]
[SourceVersionDate "2021.10.06"]
[SourceQuality "1"]

1. d4 Nf6 2. Nf3 g6 3. g3 Bg7 4. Bg2 O-O 5. c4 d6 6. O-O Bf5 7. Qb3 Qc8 8. Nh4 Be4 9. Nf3 c5 10. e3 Nc6 11. Nbd2 Rb8 12. Nxe4 Nxe4 13. d5 Na5 14. Qc2 Qg4 15. h3 Qf5 16. Nh4 Qe5 17. Bxe4 f5 18. Bg2 b5 19. Nf3 Qf6 20. cxb5 Rxb5 21. Rb1 Qf7 22. Ng5 Qf6 23. Ne6 Rfb8 24. Nxg7 Kxg7 25. b3 e6 26. dxe6 Qxe6 27. Bb2+ Kg8 28. Rfd1 c4 29. a4 Rc5 30. Qd2 Nxb3 31. Qc3 Qe5 32. Qxe5 dxe5 33. Bd5+ Kf8 34. Ba3 Rbc8 35. Bxc4 Ke8 36. Bxc5 Rxc5 37. Bxb3 a5 38. Bd5 Ke7 39. Rb7+ Kf6 40. Bg8 Rc3 41. Rd6+ Kg5 42. f4+ exf4 43. exf4+ Kh6 44. Rxh7# 1-0

[Event "NAYCC U12 w"]
[Site "Toronto CAN"]
[Date "2013.08.15"]
[Round "2"]
[White "Shen, Celina"]
[Black "Ouellet, Maili-Jade"]
[Result "0-1"]
[WhiteElo "527"]
[BlackElo "1669"]
[PlyCount "84"]
[GameId "2160767909275693"]
[EventDate "2013.08.14"]
[EventType "swiss"]
[EventRounds "9"]
[EventCountry "CAN"]
[SourceTitle "EXT 2022"]
[Source "ChessBase"]
[SourceDate "2021.10.06"]
[SourceVersion "1"]
[SourceVersionDate "2021.10.06"]
[SourceQuality "1"]

1. e4 c5 2. Nf3 e6 3. Nc3 Nc6 4. Bc4 a6 5. a4 Be7 6. d3 Rb8 7. Bf4 d6 8. d4 cxd4 9. Nxd4 Nxd4 10. Qxd4 Nf6 11. e5 dxe5 12. Qxe5 Ra8 13. O-O O-O 14. Rad1 Qb6 15. b3 Ng4 16. Qe2 Nf6 17. Ne4 Qc6 18. Nxf6+ Bxf6 19. Qe3 b5 20. Bd3 Bb7 21. Qh3 h6 22. f3 e5 23. Be3 Rfe8 24. Qg3 Kh8 25. Qg4 bxa4 26. bxa4 Rac8 27. Bf5 Rcd8 28. Be4 Qc8 29. Rxd8 Rxd8 30. Qh5 Kg8 31. g4 Qc7 32. Bf5 Bc8 33. Be4 Bb7 34. Bd3 Bc6 35. Rb1 Qd7 36. Rd1 Qb7 37. g5 Bxf3 38. Qh4 Bxd1 39. gxf6 Qf3 40. Bd2 Rd4 41. Qe1 Rg4+ 42. Qg3 Rxg3+ 0-1

[Event "NAYCC U12 w"]
[Site "Toronto CAN"]
[Date "2013.08.15"]
[Round "2"]
[White "Tam, Rachel"]
[Black "Tan, Kylie"]
[Result "1/2-1/2"]
[WhiteElo "1005"]
[BlackElo "1203"]
[PlyCount "79"]
[GameId "2160767909275694"]
[EventDate "2013.08.14"]
[EventType "swiss"]
[EventRounds "9"]
[EventCountry "CAN"]
[SourceTitle "EXT 2022"]
[Source "ChessBase"]
[SourceDate "2021.10.06"]
[SourceVersion "1"]
[SourceVersionDate "2021.10.06"]
[SourceQuality "1"]

1. e4 e5 2. Nf3 Nc6 3. Nc3 Nf6 4. Bb5 d6 5. d4 exd4 6. Nxd4 Bd7 7. Nxc6 bxc6 8. Be2 h6 9. O-O Be7 10. Bf4 O-O 11. e5 dxe5 12. Bxe5 Re8 13. Bxf6 Bxf6 14. Bf3 Rb8 15. Rb1 Qe7 16. h3 Red8 17. Qe2 Qxe2 18. Bxe2 Re8 19. Rbd1 Bxh3 20. gxh3 Bxc3 21. bxc3 Rxe2 22. Rd7 Rc8 23. Rc1 Kf8 24. Kf1 Ke8 25. Rd4 Re6 26. Rg4 g6 27. Rh4 h5 28. Rc4 Rb8 29. Ra4 Rb7 30. Rd1 Rd6 31. Re1+ Kd7 32. Re2 c5 33. Rae4 Re6 34. Rd2+ Kc6 35. Rf4 f5 36. Ra4 Kb5 37. Ra3 a5 38. Rb3+ Kc6 39. Ra3 Ra7 40. Ra4 1/2-1/2

[Event "NAYCC U12 w"]
[Site "Toronto CAN"]
[Date "2013.08.15"]
[Round "2"]
[White "Tao, Ellen"]
[Black "Edouard, Marie-Erline"]
[Result "1-0"]
[WhiteElo "1198"]
[BlackElo "988"]
[PlyCount "89"]
[GameId "2160767909275695"]
[EventDate "2013.08.14"]
[EventType "swiss"]
[EventRounds "9"]
[EventCountry "CAN"]
[SourceTitle "EXT 2022"]
[Source "ChessBase"]
[SourceDate "2021.10.06"]
[SourceVersion "1"]
[SourceVersionDate "2021.10.06"]
[SourceQuality "1"]

1. e4 e5 2. Nf3 Nc6 3. Bc4 Nf6 4. Ng5 d5 5. exd5 Nxd5 6. Nxf7 Kxf7 7. Qf3+ Ke8 8. Bxd5 Qd7 9. Bxc6 bxc6 10. Qh5+ g6 11. Qxe5+ Kd8 12. Qxh8 Qe6+ 13. Kd1 Ba6 14. Qxf8+ Kd7 15. Qg7+ Kd8 16. Qd4+ Kc8 17. Re1 c5 18. Rxe6 cxd4 19. Rxa6 Kb7 20. Re6 Rf8 21. Ke2 Rf4 22. d3 Rf8 23. Re7 h5 24. Rg7 Rf6 25. Bg5 Re6+ 26. Kf1 Rc6 27. Bf4 Rxc2 28. Na3 Rxb2 29. Rb1 Rxb1+ 30. Nxb1 Kb6 31. Rxc7 g5 32. Be5 a5 33. Rc4 g4 34. Rxd4 Kc5 35. Ra4 Kb5 36. Rc4 a4 37. Na3+ Kb6 38. d4 Ka5 39. d5 g3 40. fxg3 Kb6 41. d6 Kb7 42. d7 Kb6 43. d8=Q+ Ka6 44. Rb4 Ka7 45. Qa5# 1-0

[Event "NAYCC U12 w"]
[Site "Toronto CAN"]
[Date "2013.08.15"]
[Round "2"]
[White "Trakru, Priya"]
[Black "Ravishankar, Ramitha"]
[Result "1-0"]
[WhiteElo "1911"]
[BlackElo "1581"]
[PlyCount "61"]
[GameId "2160767909275696"]
[EventDate "2013.08.14"]
[EventType "swiss"]
[EventRounds "9"]
[EventCountry "CAN"]
[SourceTitle "EXT 2022"]
[Source "ChessBase"]
[SourceDate "2021.10.06"]
[SourceVersion "1"]
[SourceVersionDate "2021.10.06"]
[SourceQuality "1"]

1. e4 e6 2. d4 d5 3. Nd2 Nf6 4. e5 Nfd7 5. Bd3 c5 6. c3 Nc6 7. Ne2 Be7 8. O-O h6 9. Nf3 b6 10. Ne1 Bb7 11. f4 g5 12. f5 exf5 13. Bxf5 cxd4 14. e6 Nf6 15. exf7+ Kxf7 16. Nxd4 Nxd4 17. cxd4 Bc8 18. Nd3 Bxf5 19. Rxf5 Qd7 20. Ne5+ Ke6 21. Nxd7 Kxf5 22. Qf3+ Kg6 23. Ne5+ Kg7 24. Qf5 Kf8 25. Ng6+ Kg7 26. Nxe7 Kf7 27. Nxd5 Rhe8 28. Qxf6+ Kg8 29. Ne7+ Kh7 30. Qg6+ Kh8 31. Qxh6# 1-0

[Event "NAYCC U12 w"]
[Site "Toronto CAN"]
[Date "2013.08.15"]
[Round "2"]
[White "Zhou, Lily"]
[Black "Yu, Jennifer"]
[Result "0-1"]
[WhiteElo "1643"]
[BlackElo "1993"]
[PlyCount "162"]
[GameId "2160767909275697"]
[EventDate "2013.08.14"]
[EventType "swiss"]
[EventRounds "9"]
[EventCountry "CAN"]
[SourceTitle "EXT 2022"]
[Source "ChessBase"]
[SourceDate "2021.10.06"]
[SourceVersion "1"]
[SourceVersionDate "2021.10.06"]
[SourceQuality "1"]

1. d4 d5 2. c4 c6 3. Nf3 Nf6 4. e3 Bf5 5. cxd5 cxd5 6. Qb3 Qc7 7. Nc3 e6 8. Bb5+ Nc6 9. Ne5 Bd6 10. f4 O-O 11. O-O Nb4 12. Qd1 h6 13. Bd2 a6 14. Be2 Rac8 15. g4 Bh7 16. Rc1 Qe7 17. Qe1 Ne4 18. a3 Nxc3 19. Bxc3 Na2 20. Ra1 Nxc3 21. bxc3 Bxa3 22. h4 Bb2 23. Ra2 Bxc3 24. Qg3 f6 25. Nf3 Be4 26. g5 fxg5 27. hxg5 Bxf3 28. Bxf3 hxg5 29. Rh2 gxf4 30. Qh3 Qg5+ 31. Rg2 Qf6 32. Bg4 Rc6 33. Rxf4 Qe7 34. Rh2 Rxf4 35. Qh8+ Kf7 36. exf4 Bxd4+ 37. Kf1 Rc1+ 38. Ke2 Rc2+ 39. Kd3 Rxh2 40. Qxh2 Bf6 41. Qh7 Qa3+ 42. Ke2 Qb2+ 43. Kf1 Qc1+ 44. Ke2 Qxf4 45. Bh5+ Ke7 46. Qh8 Qe4+ 47. Kd1 Qd3+ 48. Kc1 Qc3+ 49. Kd1 Qd3+ 50. Kc1 Qb5 51. Qh7 Qc4+ 52. Kd1 Qd4+ 53. Kc1 Qb2+ 54. Kd1 Bc3 55. Qd3 d4 56. Bg4 Qa1+ 57. Ke2 Qe1+ 58. Kf3 b5 59. Qg6 Qe3+ 60. Kg2 Qh6 61. Qe4 Qd2+ 62. Kh1 Qe1+ 63. Qxe1 Bxe1 64. Bd1 Kd6 65. Kg2 Kc5 66. Kf3 Kc4 67. Ke4 d3 68. Ke3 b4 69. Bg4 d2 70. Bxe6+ Kc3 71. Bg4 b3 72. Ke2 Kc2 73. Bf5+ Kc1 74. Bb1 d1=Q+ 75. Ke3 Kxb1 76. Ke4 b2 77. Ke3 Qd2+ 78. Ke4 Kc1 79. Kf3 b1=Q 80. Kg4 Qe4+ 81. Kh5 Qh6# 0-1

[Event "NAYCC U12 w"]
[Site "Toronto CAN"]
[Date "2013.08.15"]
[Round "2"]
[White "Zhu, Jiarong"]
[Black "Tang, Terra"]
[Result "1-0"]
[WhiteElo "1224"]
[BlackElo "1036"]
[PlyCount "69"]
[GameId "2160767909275698"]
[EventDate "2013.08.14"]
[EventType "swiss"]
[EventRounds "9"]
[EventCountry "CAN"]
[SourceTitle "EXT 2022"]
[Source "ChessBase"]
[SourceDate "2021.10.06"]
[SourceVersion "1"]
[SourceVersionDate "2021.10.06"]
[SourceQuality "1"]

1. e4 e5 2. Nf3 Nc6 3. Bb5 Nf6 4. d3 d6 5. h3 Be6 6. Bg5 d5 7. Nxe5 Be7 8. Nxc6 bxc6 9. Bxc6+ Bd7 10. Bxa8 Qxa8 11. Bxf6 Bxf6 12. Nc3 Bxc3+ 13. bxc3 dxe4 14. dxe4 Qxe4+ 15. Qe2 Qxe2+ 16. Kxe2 O-O 17. Rhd1 Re8+ 18. Kf1 Bb5+ 19. Kg1 g6 20. Re1 Rd8 21. Rab1 Bc4 22. Rb7 Rd2 23. Rxc7 Bxa2 24. Rxa7 Rxc2 25. Re8+ Kg7 26. Rc8 Be6 27. Rcc7 Re2 28. c4 Re5 29. c5 Rg5 30. g3 Bxh3 31. Rxf7+ Kg8 32. Rg7+ Kf8 33. Rxh7 Rh5 34. Ra8+ Bc8 35. Rxc8# 1-0